000 00678nam a2200217 i 4500
001 77821
003 ES-MaACL
005 20230906173408.0
007 t|
008 041111s1931 sp ||||1| spa d
080 _a947"1917/21"(0:882-3)
080 _a882-311.6"19"
100 1 _aKrasnov, Piotr Nikolaevich.
_968743
245 1 0 _aDel águila del zar a la bandera roja /
_cpor el general P. N. Krasnow.
250 _a1ª ed.
260 _aBarcelona :
_bAraluce,
_c[1931]
300 _av. ;
_c20 cm.
505 8 _aContiene: I. Génesis de la guerra .-- 380 p., 1 h.
651 4 _aRusia-
_xHistoria-
_y1917-1921, Revolución.
_99336
852 _aES-MaACL
_jE-10310
_bR.133650
999 _c77821
_d77821